Gramsci muthal vedan vare/ (Record no. 181817)

000 -LEADER
fixed length control field 00387nam a22001577a 4500
020 ## - INTERNATIONAL STANDARD BOOK NUMBER
ISBN 9788199328495
082 ## - DEWEY DECIMAL CLASSIFICATION NUMBER
Classification number M4
Item number POK/G
100 ## - MAIN ENTRY--AUTHOR NAME
Personal name Pokker P K
245 ## - TITLE STATEMENT
Title Gramsci muthal vedan vare/
Statement of responsibility, etc by Pokker P K
260 ## - PUBLICATION, DISTRIBUTION, ETC. (IMPRINT)
Place of publication Thrissur:
Name of publisher Goosebery Books,
Year of publication 2025.
300 ## - PHYSICAL DESCRIPTION
Number of Pages 208p.
650 ## - SUBJECT ADDED ENTRY--TOPICAL TERM
Topical Term Essays Malayalam
650 ## - SUBJECT ADDED ENTRY--TOPICAL TERM
Topical Term Literature Malayalam
650 ## - SUBJECT ADDED ENTRY--TOPICAL TERM
Topical Term Literature
942 ## - ADDED ENTRY ELEMENTS (KOHA)
Koha item type Book
Holdings
Withdrawn status Lost status Damaged status Not for loan Permanent Location Current Location Shelving location Date acquired Cost, normal purchase price Full call number Accession Number Price effective from Koha item type
        Sree Sankaracharya University of Sanskrit Sree Sankaracharya University of Sanskrit Stacks 26.05.2026 280.00 M4 POK/G 108929 26.05.2026 Book